00845nam a22002537a 45000010005000000030006000050050017000110080041000280400029000690500009000980820009001071000015001162450050001312600033001813000058002145050007002725200070002795210027003495210019003766500040003959420015004359990015004509520126004657953FISKH20250814153516.0250814b cb ||||| |||| 00| 0 eng d aFISKHbengcFISKHdFISKH aPZ7  a 813 aDaw, Anne  aWe did it together :bA playtime board book / aAshland : bBendon, c2005.  a10 unnumbered pages : bcolor illustrations ; c25 cm aJ  aWhen Spike is taken, his firends work together to get him back. 8 a500 bLexile estimate 8 aJ bRaz-Plus  aChildren's BookvDinosaursxFantasy 2ddccBKn0 c7953d7953 00102ddc40708JUVFa001b001cTK Blued2025-08-14l0oDAW 813 PZ7 pFISBK07114r2025-08-14 15:35:12t1w2025-08-14yBK